The deluxe food lover's companion / (Record no. 362897)
[ view plain ]
| 000 -LEADER | |
|---|---|
| fixed length control field | 00545nam a2200157Ia 4500 |
| 008 - FIXED-LENGTH DATA ELEMENTS--GENERAL INFORMATION | |
| fixed length control field | 200110s9999 xx 000 0 und d |
| 020 ## - INTERNATIONAL STANDARD BOOK NUMBER | |
| International Standard Book Number | 978-0-7641-6703-4 |
| 100 ## - MAIN ENTRY--PERSONAL NAME | |
| Personal name | Herbst, Ron |
| 245 ## - TITLE STATEMENT | |
| Statement of responsibility, etc | Ron Herbst & Sharon Tyler Herbst.-- |
| Title | The deluxe food lover's companion / |
| 250 ## - EDITION STATEMENT | |
| Edition statement | 2nd ed. |
| 260 ## - PUBLICATION, DISTRIBUTION, ETC. (IMPRINT) | |
| Place of publication, distribution, etc | Hauppauge, New York : |
| Name of publisher, distributor, etc | Barron's Educational Series |
| Date of publication, distribution, etc | 2015 |
| 300 ## - PHYSICAL DESCRIPTION | |
| Extent | vii, 854 pages |
| Dimensions | 23 cm. |
| 500 ## - GENERAL NOTE | |
| General note | Includes appendix, bibliography and acknowledgements. |
| 650 ## - SUBJECT ADDED ENTRY--TOPICAL TERM | |
| Topical term or geographic name as entry element | Cooking-- Dictionaries. |
| 650 ## - SUBJECT ADDED ENTRY--TOPICAL TERM | |
| Topical term or geographic name as entry element | Food -- Dictionaries. |
| Withdrawn status | Lost status | Damaged status | Home library | Current library | Shelving location | Date acquired | Total Checkouts | Full call number | Barcode | Date last seen | Price effective from | Koha item type |
|---|---|---|---|---|---|---|---|---|---|---|---|---|
| Southville International School Affiliated with Foreign Universities Library | Southville International School Affiliated with Foreign Universities Library | Southville Foreign University Section | 01/10/2020 | TX 349 .H538 2015 | SFU1585 | 01/10/2020 | 01/10/2020 | Books |